000 00419nam a2200157Ia 4500
008 210716s2009 xx 000 0 und d
020 _a9788131724903
041 _aeng
082 _a005.1332 FOXJ
100 _aFoxall, James.
245 _aSams teach yourself visual c# 2008: in 24 hours.
_bIn 24 hours.
250 _a1
260 _aNew Delhi
_bPearson Education
_c2009
300 _a512
650 _aC# Progamming
999 _c189074
_d189074